000 00490nam a2200169 i 4500
001 94725
003 ES-MaACL
005 20230906181536.0
007 t|
008 050512s1962 sp ||||1| spa d
100 1 _aLowe, Marjorie G.
_974375
245 1 0 _aJessica la rebelde
_b: novela /
_cMarjorie G. Lowe; [traducción de Arturo Roca].
260 _aBarcelona :
_bMateu,
_c1962.
300 _a336 p. ;
_c19 cm.
700 1 _aRoca, Arturo.
_997970
852 _aES-MaACL
_jC-23727
_bR.52396
999 _c94725
_d94725